Serie TV - Simple 2 - Statistiques

Statistiques générales
  • Ce quiz a été pris 255 fois
  • Le résultat moyen est 7 sur 15
Statistiques - réponses
Hint Réponse % Correct
Monica, Rachel, Phoebe Friends
90%
Serena, Blair, Dan, Nate, Chuck Gossip girl
87%
Hannah Baker, Clay Jensen, Jessica davis 13 reasons Why
68%
Scott McCall, Stiles Stilinski, Lydia Martin Teen wolf
62%
Sheldon, Leonard, Penny, Howard, Rajesh Big Bang Theory
60%
Emily Cooper, Sylvie Grateau, Mindy Chen Emily in Paris
58%
Anthony, Benedict, Colin, Daphne, Eloise Les chroniques de Bridgerton
55%
Chloé Decker, Dan Espinoza, Amenadiel Lucifer
51%
Rachel berry, Sue Sylvester Glee
37%
Jake Peralta, Amy Santiago, Rosa Diaz Brooklyn 99
33%
Piper Chapman, Alex Vause, Red Orange is the new black
32%
Gloria Delgado, Haley Dunphy, Jay Pritchett Modern family
26%
Michael, Dwight, Jim, Pam, Ryan, Andy The office
25%
Barbie, Julia Shumway, Joe McAlister Under the dome
14%
Kate Foster, Anne Carlson Workin moms
4%
Aucun quiz correspondant
Distribution des résultats
% des personnes avec chaque résultat
Percentile par nombre de réponses
Votre historique - résultats
Vous n’avez pas pris ce quiz